Management science journal of the Institute for Operations Research and the Management Sciences
Αποθηκεύτηκε σε:
| Συλλογικό Έργο: | , |
|---|---|
| Μορφή: | Περιοδική έκδοση |
| Γλώσσα: | English |
| Δημοσίευση: |
Linthicum :
Institute for Operations Research and the Management Sciences,
1954-
|
| Θέματα: | |
| Ετικέτες: |
Προσθήκη ετικέτας
Δεν υπάρχουν, Καταχωρήστε ετικέτα πρώτοι!
|
MARC
| LEADER | 00000nas a2200000 i 4500 | ||
|---|---|---|---|
| 001 | 1/98457 | ||
| 008 | 000120c19549999us eng d | ||
| 022 | |a 00251909 | ||
| 035 | |l 10056520 | ||
| 040 | |a GR-MY-UA |b gre |e aacr | ||
| 041 | 1 | |a eng | |
| 082 | 0 | |a 658.108205 | |
| 110 | 2 | |a Institute for Operations Research and the Management Sciences. | |
| 245 | 1 | 0 | |a Management science |h [περιοδικό] : |b journal of the Institute for Operations Research and the Management Sciences |
| 260 | |a Linthicum : |b Institute for Operations Research and the Management Sciences, |c 1954- | ||
| 300 | |a τ.; |b εικ.; |c 25 εκ. | ||
| 310 | |a Μηνιαίο | ||
| 500 | |a Η συνδρομή είναι διαθέσιμη σε ηλεκτρονική μορφή από το παγκόσμιο πλέγμα πληροφοριών | ||
| 650 | 0 | 0 | |a Management science |x Periodicals. |
| 710 | 2 | |a Institute of Management Sciences. | |
| 853 | |a INST |b CHIOS |c SER |h 658.108205 | ||
| 853 | |a INST |b SAMOS |c SER | ||
| 901 | |a BIBL2-2004-1 | ||
| 922 | |a 2ΕΛΗ |b 198801 |c ΚΕΝΤΡΙΚΗ ΒΙΒΛΙΟΘΗΚΗ |d SWETS | ||
| 970 | |a ΣΑΛΑΜΟΥΡΑ |b ΜΑΡΙΑ |z 2004/04/20 | ||